User interface considerations for a better TeX environment /

Bibliographic Details
Main Author: Boyd, Scott Thomas
Format: Thesis eBook
Language:English
Published: [Place of publication not identified] : [publisher not identified] ; 1987.
Subjects:
Online Access:Link to OAKTrust copy

MARC

Tag First Indicator Second Indicator Subfields
LEADER 00000cam a2200000 a 4500
001 in00000020549
005 20220103115016.0
007 cr unu a
008 880714s1987 xx a b 00010 eng d
035 |9 AAB3473AM 
035 |a (OCoLC)18213432 
040 |a TXA  |c TXA  |d UtOrBLW 
049 |a TXAZ [Also in] [Archives]  |c 1 [A10944910], 2 [A10944960] 
099 |a 1987  |a Thesis  |a B789 
100 1 |a Boyd, Scott Thomas. 
245 1 0 |a User interface considerations for a better TeX environment /  |c by Scott Thomas Boyd. 
264 1 |a [Place of publication not identified] :  |b [publisher not identified] ;  |c 1987. 
300 |a vii, 35 leaves :  |b illustrations ;  |c 29 cm. 
336 |a text  |b txt  |2 rdacontent 
337 |a computer  |b c  |2 rdamedia 
338 |a online resource  |b cr  |2 rdacarrier 
500 |a "Major subject: Computer Science." 
500 |a Typescript (photocopy). 
500 |a Vita. 
502 |b M.S.  |c Texas A&M University  |d 1987. 
504 |a Bibliography: leaves 32-34. 
530 |a Also available online. 
630 0 0 |a TeX (Computer file) 
650 0 |a Computerized typesetting. 
650 4 |a Major computer science. 
856 4 1 |u https://hdl.handle.net/1969.1/ETD-TAMU-1987-THESIS-B789  |z Link to OAKTrust copy  |t 0 
999 |a MARS 
999 f f |s 5e2b2b35-aa64-30cb-a117-c9eeba34f0ff  |i 6e16c661-deb2-360f-8516-7a0029a29aa5  |t 0 
952 f f |p noncirc  |a Texas A&M University  |b J.J. Pickle Campus  |c High Density Repository  |s HDR  |d Remote Storage  |t 0  |e 1987 Thesis B789  |h Other scheme  |i computer -- online resource  |m A14839625583 
952 f f |a Texas A&M University  |b College Station  |c Electronic Resources  |s www_evans  |d Available Online  |t 0  |e 1987 Thesis B789  |h Other scheme 
998 f f |a 1987 Thesis B789  |t 0  |l Available Online 
998 f f |a 1987 Thesis B789  |t 0  |l Remote Storage